Donde se pone el sol (Record no. 116509)

MARC details
000 -LEADER
campo de control de longitud fija 00605nam a2200193 4500
001 - NÚMERO DE CONTROL
campo de control 116509
003 - IDENTIFICADOR DE NÚMERO DE CONTROL
campo de control ES-MaACL
005 - FECHA Y HORA DE LA ÚLTIMA TRANSACCIÓN
campo de control 20230906190723.0
007 - CAMPO FIJO DE DESCRIPCIÓN FÍSICA--INFORMACIÓN GENERAL
campo de control de longitud fija t|
008 - DATOS DE LONGITUD FIJA--INFORMACIÓN GENERAL
campo de control de longitud fija 061121m19001990sp r ||||1| spa d
100 1# - ENTRADA PRINCIPAL--NOMBRE DE PERSONA
Nombre de persona Otaegui, Roberto.
9 (RLIN) 87852
245 10 - MENCIÓN DEL TÍTULO
Título Donde se pone el sol
Resto del título : preludio a la conquista del nuevo mundo /
Mención de responsabilidad, etc. Roberto Otaegui.
260 ## - PUBLICACIÓN, DISTRIBUCIÓN, ETC.
Lugar de publicación, distribución, etc. Madrid :
Nombre del editor, distribuidor, etc. Colenda,
Fecha de publicación, distribución, etc. [19__?]
300 ## - DESCRIPCIÓN FÍSICA
Extensión 354 p. ;
Dimensiones 17 cm.
490 1# - MENCIÓN DE SERIE
Mención de serie Grandes novelistas de nuestro tiempo
830 0# - PUNTO DE ACCESO ADICIONAL DE SERIE-TÍTULO UNIFORME
Título uniforme Grandes novelistas de nuestro tiempo
9 (RLIN) 182885
852 ## - LOCALIZACIÓN
Ubicación ES-MaACL
Número de control de estantería C-13521
Sublocalización o colección R.41437
Holdings
Estatus retirado Estado de pérdida Estado de daño No para préstamo Biblioteca de origen Biblioteca actual Ubicación en estantería Fecha de adquisición Fuente de adquisición Total de préstamos Signatura topográfica completa Código de barras Visto por última vez Precio de reemplazo Tipo de ítem Koha
        Biblioteca del Ateneo de Madrid Biblioteca del Ateneo de Madrid Sala Palomar 17/01/2008     C-13521 1121491 23/02/2023 23/02/2023 Libro impreso